Guess the Famous People from their Eyes #19 - Statistics

General Stats
  • This quiz has been taken 257 times
  • The average score is 6 of 16
Answer Stats
Picture Answer % Correct
Elvis Presley
87%
Kamala Harris
69%
Chris Pratt
66%
Stan Lee
61%
Steve Carell
60%
Bella Hadid
56%
James Corden
47%
Christopher Walken
36%
Meg Ryan
28%
Viola Davis
25%
Brooke Shields
23%
Diana Ross
17%
Cobie Smulders
13%
Bill Belichick
12%
James Avery
3%
Katie Ledecky
3%
No matching quizzes found
Score Distribution
Percent of People with Each Score
Percentile by Number Answered
Your Score History
You have not taken this quiz